The Manichaean hymn-cycles in Parthian / (Record no. 106295)

MARC details
000 -LEADER
fixed length control field 00998nam a2200325 a 4500
001 - CONTROL NUMBER
control field vtls000102095
003 - CONTROL NUMBER IDENTIFIER
control field NLI
005 - DATE AND TIME OF LATEST TRANSACTION
control field 20210601201757.0
008 - FIXED-LENGTH DATA ELEMENTS--GENERAL INFORMATION
fixed length control field 101125s1954 enkf 001 0 eng
020 ## - INTERNATIONAL STANDARD BOOK NUMBER
Terms of availability Rs. 35.00
039 #9 - LEVEL OF BIBLIOGRAPHIC CONTROL AND CODING DETAIL [OBSOLETE]
-- 201011251137
-- VLOAD
040 ## - CATALOGING SOURCE
Original cataloging agency NLI
Language of cataloging eng
Transcribing agency DataSoft
Description conventions AACR2
041 0# - LANGUAGE CODE
Language code of text/sound track or separate title eng
044 ## - COUNTRY OF PUBLISHING/PRODUCING ENTITY CODE
MARC country code enk
082 04 - DEWEY DECIMAL CLASSIFICATION NUMBER
Classification number 299.15
100 1# - MAIN ENTRY--PERSONAL NAME
Personal name Boyce, Mary
9 (RLIN) 214796
245 14 - TITLE STATEMENT
Title The Manichaean hymn-cycles in Parthian /
Statement of responsibility, etc. Mary Boyce
260 ## - PUBLICATION, DISTRIBUTION, ETC.
Place of publication, distribution, etc. London :
Name of publisher, distributor, etc. Geoffrey Cumperlege, O. U. P.,
Date of publication, distribution, etc. 1954
300 ## - PHYSICAL DESCRIPTION
Extent vii, 199 p. :
Other physical details plates ;
Dimensions 22 cm.
440 #0 - SERIES STATEMENT/ADDED ENTRY--TITLE
Title School of Oriental and African studies, University of London
Name of part/section of a work London Oriental series ;
Volume/sequential designation 3
9 (RLIN) 214797
500 ## - GENERAL NOTE
General note Includes index
650 #0 - SUBJECT ADDED ENTRY--TOPICAL TERM
Topical term or geographic name entry element Manichaeism
General subdivision Hymns
9 (RLIN) 214798
650 #0 - SUBJECT ADDED ENTRY--TOPICAL TERM
Topical term or geographic name entry element Hymns, Parthian
9 (RLIN) 214799
650 #0 - SUBJECT ADDED ENTRY--TOPICAL TERM
Topical term or geographic name entry element Religions
9 (RLIN) 4649
887 ## - NON-MARC INFORMATION FIELD
Content of non-MARC field
901 ## - LOCAL DATA ELEMENT A, LDA (RLIN)
a 369626
b 07.01.1965
902 ## - LOCAL DATA ELEMENT B, LDB (RLIN)
a E299.15 B692
949 ## - LOCAL PROCESSING INFORMATION (OCLC)
-- VIRTUAITEM
-- 10000
-- 100
6 PUR000369626ENG
942 ## - ADDED ENTRY ELEMENTS (KOHA)
Source of classification or shelving scheme Dewey Decimal Classification
Koha item type Books
Holdings
Withdrawn status Lost status Damaged status Not for loan Collection code Home library Current library Shelving location Date acquired Total Checkouts Full call number Barcode Date last seen Price effective from Koha item type
        New English National Library of India National Library of India New English - Main Stack Division     E299.15 B692 PUR000369626ENG 01/06/2021 01/06/2021 Books
                                                                           
web counter

Copyright ©2020 The National Library of India, Govt. of India ↔ Hosted by NVLI, MOC ↔ Technology and Design by National Library of India, Ministry of Culture, Govt. of India